000 00422nam a2200169Ia 4500
001 3148
003 IN-NITTTR
005 20251114232943.0
008 251113s9999||||xx |||||||||||||| ||eng||
040 _beng
040 _cIN-NITTTR
041 _aeng
082 _a624.1832 C744S
100 _aThe Concrete Association of India,
245 0 _aSmall concrete tanks. /
_cThe Concrete Association of India
942 _2ddc
_cBK
999 _c5235
_d5235